Artists as kids picture - Statistics

General Stats
  • This quiz has been taken 8 times
  • The average score is 2 of 14
Answer Stats
Picture Answer % Correct
Chris Brown
57%
Wiz Khalifa
43%
NBA Youngboy
29%
NLE Choppa
29%
DMX
14%
Kid Cudi
14%
Lil Nas X
14%
TI
14%
A Boogie Wit Da Hoodie
0%
Fat Joe
0%
Lil Pump
0%
Swae Lee
0%
The Weeknd
0%
Tyga
0%
No matching quizzes found
Score Distribution
Percent of People with Each Score
Percentile by Number Answered
Your Score History
You have not taken this quiz